Economic survey, India: 2017-18 (Record no. 521546)
[ view plain ]
| 000 -LEADER | |
|---|---|
| fixed length control field | 00491cam a22001577a 4500 |
| 008 - FIXED-LENGTH DATA ELEMENTS--GENERAL INFORMATION | |
| fixed length control field | 180718b xxu||||| |||| 00| 0 eng d |
| 082 ## - DEWEY DECIMAL CLASSIFICATION NUMBER | |
| Classification number | T19 Ec74 /2017-18 |
| 245 ## - TITLE STATEMENT | |
| Title | Economic survey, India: 2017-18 |
| Statement of responsibility, etc | by Ministry of Finance |
| 260 ## - PUBLICATION, DISTRIBUTION, ETC. (IMPRINT) | |
| Place of publication, distribution, etc | New Delhi |
| Name of publisher, distributor, etc | The author |
| 300 ## - PHYSICAL DESCRIPTION | |
| Extent | 185p. |
| 440 ## - SERIES STATEMENT/ADDED ENTRY--TITLE | |
| Volume number/sequential designation | 1 |
| 9 (RLIN) | 8782 |
| 500 ## - GENERAL NOTE | |
| General note | Library has 1957/58-1967/68, 1971/72-2011/12, 2013/14- 2018/19 |
| 650 ## - SUBJECT ADDED ENTRY--TOPICAL TERM | |
| Topical term or geographic name as entry element | Economic surveys - India |
| 9 (RLIN) | 8783 |
| 700 ## - ADDED ENTRY--PERSONAL NAME | |
| Personal name | India. Ministry of Finance |
| 9 (RLIN) | 8784 |
| 942 ## - ADDED ENTRY ELEMENTS (KOHA) | |
| Source of classification or shelving scheme | |
No items available.
